000 00491nam a22001817a 4500
005 20240116152339.0
008 240109b |||||||| |||| 00| 0 eng d
082 _a612
_bMUS-E
100 _aMushtaq, Ahmad
245 _aEssentials of Medical Physiology-ll /
_cMushtaq, Ahmad.
250 _a4th ed.
260 _aPakistan:
_bIlmi book shop;
_c1999.
300 _aviii, 405 p:
_bill;
_c21 cm.
490 _vvol-2
500 _aIncludes Index.
650 _aPhysiology/Medical
999 _c34970
_d34970